000 01408cam a22003977a 4500
003 CHAP
005 20220817040833.0
008 971013s1989 r 00010 d
010 _a1202
011 _a2174
035 _a1365
040 _cCHAP
090 _aFolleto 12548
100 0 0 _aDíaz Torres, Mercedes.
_933657
245 0 _aTécnicas de inseminación artificial en el conejo
260 _aMadrid :
_bMinisterio de Agricultura, Pesca y Alimentación,
_c1989
300 _a24 p.
_b: ilus.
490 0 _aHojas divulgadoras
_v; 17/89 H. D.
590 _aBATCH-UPD
_b10
_c20130110
_lUCH01
_h0051
590 _aBATCH-UPD
_b10
_c20130110
_lUCH01
_h0851
590 _aBATCH-UPD
_b10
_c20130409
_lUCH01
_h2039
590 _aBATCH-UPD
_b10
_c20130410
_lUCH01
_h0523
590 _aBATCH-UPD
_b10
_c20130914
_lUCH01
_h1028
590 _aCONVERSION
_b10
_c20130109
_lUCH01
_h1302
650 1 4 _aConejos
_xMejoramiento.
_926371
650 1 4 _aConejos
_xReproducción.
_926378
650 1 4 _aInseminación artificial.
_958964
700 0 _aGarcía Rebollar, Pilar.
_946501
700 0 _aRodríguez Alvariño, J. Mario.
_998282
710 0 _aEspaña. Ministerio de Agricultura, Pesca y Alimentación.
_937712
830 0 _aHojas divulgadoras
_v; 17/89 H. D.
901 _aBK
942 _cFOLL
949 _aFolleto 12548
_bBC
_cFOLL
_d-10829
_eTS1
_i1365
_si
949 _aFolleto 12548
_bBC
_cFOLL
_d-71406
_eTS2
_fc.2
_i1365
_si
999 _c1202
_d1202